[Event "Portoroz Open 2003"]
[Site "?"]
[Date "2003.05.02"]
[EventDate "?"]
[Round "7"]
[Result "0-1"]
[White "Marjan Crepan"]
[Black "Vesna Rozic"]
[WhiteElo "2276"]
[BlackElo "2127"]
[PlyCount "82"]

1. e4 e6 2. d4 d5 3. e5 c5 4. c3 Qb6 5. Nf3 Bd7 6. Be2 cxd4
7. cxd4 Bb5 8. Nc3 Bxe2 9. Qxe2 Nc6 10. O-O Nge7 11. Rd1 h5
12. Bg5 Rc8 13. Rac1 Nf5 14. Qd3 g6 15. Bf6 Bg7 16. h3 Bxf6
17. exf6 Qd8 18. Re1 Kf8 19. Ne5 Kg8 20. g4 hxg4 21. hxg4 Nh4
22. g5 Nf5 23. Ne2 Rh5 24. f4 Nxe5 25. fxe5 Rxg5+ 26. Kf2 Rh5
27. Rxc8 Qxc8 28. Rc1 Qf8 29. Qb5 b6 30. Qd7 Rh2+ 31. Kg1 Rh1+
32. Kf2 Rxc1 33. Nxc1 Nxd4 34. Nd3 g5 35. a3 Kh7 36. Nb4 Nf5
37. Nc6 Qc5+ 38. Kf1 Qc1+ 39. Kf2 Qd2+ 40. Kf3 g4+ 41. Kxg4
Qg2+ 0-1

[Event "Portoroz Open 2003"]
[Site "?"]
[Date "2003.04.27"]
[EventDate "?"]
[Round "2"]
[Result "0-1"]
[White "Miodrag Perunovic"]
[Black "Vesna Rozic"]
[WhiteElo "2402"]
[BlackElo "2127"]
[PlyCount "120"]

1. e4 e6 2. d4 d5 3. Nc3 dxe4 4. Nxe4 Nd7 5. Bd3 Ngf6 6. Qe2
c5 7. Nxc5 Nxc5 8. dxc5 Bxc5 9. Nf3 O-O 10. Bg5 Qa5+ 11. c3
Be7 12. O-O Rd8 13. Rfe1 Bd7 14. Ne5 Be8 15. Qf3 Rd5 16. Bf4
Qb6 17. Bc4 Rdd8 18. Bb3 Rac8 19. Bg5 Qc7 20. Bc2 Nd5 21. Bxe7
Nxe7 22. Qh5 Ng6 23. Nf3 Nf8 24. Rad1 Rxd1 25. Rxd1 Rd8
26. Rxd8 Qxd8 27. Qc5 b6 28. Qd4 Qc7 29. Ne5 Ng6 30. Bxg6 hxg6
31. f4 f6 32. Nc4 Bb5 33. Ne3 Qd7 34. Qxd7 Bxd7 35. c4 Kf7
36. Kf2 Ke7 37. Ke2 Kd6 38. b4 e5 39. fxe5+ Kxe5 40. Kd3 g5
41. b5 Be6 42. a4 f5 43. Nc2 g4 44. Nb4 Bd7 45. Na6 Bc8
46. Nb8 Bb7 47. g3 Kd6 48. Kd4 Kc7 49. Nc6 Bxc6 50. bxc6 Kxc6
51. Ke5 Kc5 52. Kxf5 Kxc4 53. Kxg4 a6 54. Kf3 b5 55. axb5 axb5
56. Ke2 Kd4 57. Kd2 Ke4 58. Kc3 Kf3 59. Kb4 Kg2 60. g4 g5 0-1

[Event "Portoroz Open 2003"]
[Site "?"]
[Date "2003.05.01"]
[EventDate "?"]
[Round "6"]
[Result "1-0"]
[White "Oskar Orel"]
[Black "Vesna Rozic"]
[WhiteElo "2332"]
[BlackElo "2127"]
[PlyCount "141"]

1. e4 e6 2. d3 d5 3. Nd2 c5 4. Ngf3 Nc6 5. g3 g6 6. Bg2 Bg7
7. O-O Nge7 8. c3 O-O 9. Re1 b6 10. e5 Qc7 11. Qe2 a5 12. Nf1
Ba6 13. Bg5 Rfe8 14. Bf6 Bf8 15. Qd2 h6 16. Rad1 Kh7 17. Ne3
Ng8 18. Ng4 Nce7 19. h4 Nf5 20. Kh2 Ng7 21. Bxg7 Bxg7 22. Qf4
Qe7 23. d4 Rec8 24. Bf1 Bxf1 25. Rxf1 Ra7 26. Kg2 cxd4
27. Rxd4 Qf8 28. Rh1 Ne7 29. h5 g5 30. Qd2 Nf5 31. Qd3 Kh8
32. Rxd5 exd5 33. Qxf5 Re8 34. Rd1 Qe7 35. Rxd5 Rd8 36. Rb5
Rb7 37. Nd4 Qd7 38. a4 Qxf5 39. Nxf5 Kh7 40. Nd6 Rbd7 41. Rxb6
Rc7 42. Nf5 Rc4 43. Ngxh6 Rd7 44. Nxg7 Kxg7 45. Nf5+ Kh7
46. Rh6+ Kg8 47. e6 fxe6 48. Rxe6 Rxa4 49. Rg6+ Kh7 50. Rxg5
Ra2 51. Nd4 Rb7 52. b3 Rf7 53. Kh3 Rfxf2 54. Re5 Rf7 55. g4
Rc7 56. c4 Rd7 57. Nf5 Rd3+ 58. Kh4 Rxb3 59. Re7+ Kh8 60. Kg5
Rb6 61. Nh4 Rd2 62. Ng6+ Kg8 63. h6 Rxg6+ 64. Kxg6 Rd6+
65. Kh5 Ra6 66. g5 a4 67. g6 Ra5+ 68. Kg4 Ra8 69. h7+ Kh8
70. Kg5 a3 71. Kh6 1-0

[Event "Portoroz Open 2003"]
[Site "?"]
[Date "2003.05.03"]
[EventDate "?"]
[Round "8"]
[Result "1-0"]
[White "Vesna Rozic"]
[Black "Bostjan Sirnik"]
[WhiteElo "2127"]
[BlackElo "2189"]
[PlyCount "127"]

1. d4 Nf6 2. Nf3 c5 3. e3 d5 4. c3 Nc6 5. Bd3 Bg4 6. Nbd2 e5
7. dxe5 Nxe5 8. Be2 Nc6 9. O-O Bd6 10. c4 O-O 11. b3 d4
12. exd4 cxd4 13. Bb2 Bf4 14. Ne1 Bxe2 15. Qxe2 Re8 16. Qd1 d3
17. Ndf3 d2 18. Nc2 Ne4 19. g3 Bh6 20. Ncd4 Nxd4 21. Bxd4 Ng5
22. Bb2 Qd3 23. Nxg5 Bxg5 24. Qg4 h6 25. Qd4 Qxd4 26. Bxd4
Red8 27. Bb2 Rd3 28. Rfd1 Re8 29. Kf1 Bd8 30. Ba3 Ba5 31. Bc5
Re1+ 32. Kg2 Bc3 33. Rab1 b6 34. Be3 f5 35. h4 Kf7 36. a3 Ke6
37. b4 h5 38. c5 Rxd1 39. Rxd1 Rxe3 40. fxe3 bxc5 41. bxc5 Kd5
42. Kf3 Kxc5 43. Ke2 Kb5 44. Kd3 Ba5 45. Kc2 Bc7 46. Kxd2 Bxg3
47. Rg1 f4 48. e4 Kc4 49. Ke2 Kd4 50. Kf3 Ke5 51. Rc1 Bxh4
52. Rc5+ Ke6 53. Rxh5 g5 54. Rh6+ Ke5 55. Ra6 g4+ 56. Kxg4 Bf2
57. Kf3 Be3 58. a4 Bb6 59. a5 Be3 60. Rc6 Bd2 61. Rc5+ Ke6
62. a6 Be3 63. Rf5 Bd2 64. Rxf4 1-0

[Event "Portoroz Open 2003"]
[Site "?"]
[Date "2003.04.28"]
[EventDate "?"]
[Round "3"]
[Result "0-1"]
[White "Vesna Rozic"]
[Black "Vojko Srebrnic"]
[WhiteElo "2127"]
[BlackElo "2240"]
[PlyCount "96"]

1. d4 d6 2. Nf3 Bg4 3. e3 e6 4. Be2 Nf6 5. Nbd2 Be7 6. O-O
Nbd7 7. b3 O-O 8. Bb2 d5 9. c4 c6 10. Ne5 Bxe2 11. Qxe2 Nxe5
12. dxe5 Nd7 13. cxd5 cxd5 14. e4 Nb6 15. Rfd1 Rc8 16. Rac1
Rxc1 17. Rxc1 Bg5 18. Rd1 Bxd2 19. Rxd2 Qc7 20. Bd4 dxe4
21. Bxb6 axb6 22. Rd6 Qc1+ 23. Qd1 Qxd1+ 24. Rxd1 Rc8 25. g3
g5 26. Re1 Rc5 27. Rxe4 Kg7 28. g4 Kf8 29. Kg2 Ke7 30. Kf3 Kd7
31. Rd4+ Kc7 32. Ke4 b5 33. a4 Rc2 34. axb5 Rxf2 35. b6+ Kxb6
36. Rd7 Kc6 37. Re7 b5 38. h3 Rf4+ 39. Ke3 Kd5 40. Rb7 Rb4
41. Rxf7 Rxb3+ 42. Kd2 Rxh3 43. Rb7 Kxe5 44. Rxb5+ Kf4
45. Rb4+ Kf3 46. Kd3 Rh4 47. Re4 Rxg4 48. Rxe6 h5 0-1

[Event "Portoroz Open 2003"]
[Site "?"]
[Date "2003.05.04"]
[EventDate "?"]
[Round "9"]
[Result "1/2-1/2"]
[White "Vesna Rozic"]
[Black "Matej Guid"]
[WhiteElo "2127"]
[BlackElo "2201"]
[PlyCount "131"]

1. d4 Nf6 2. Nf3 g6 3. Bg5 Bg7 4. Nbd2 O-O 5. e4 d5 6. e5 Ne4
7. Bh4 c5 8. c3 Nc6 9. Be2 cxd4 10. cxd4 Qb6 11. O-O Qxb2
12. Qb3 Qxb3 13. Nxb3 Bg4 14. h3 Bxf3 15. Bxf3 f5 16. Bxe4
dxe4 17. Rfd1 Rfd8 18. f4 exf3 19. gxf3 Bh6 20. Kg2 Kf7 21. a3
Rac8 22. Rab1 b6 23. Bf2 e6 24. Kf1 Ne7 25. Rb2 Rc3 26. Ke2
Rdc8 27. Be1 Rc2+ 28. Rxc2 Rxc2+ 29. Kd3 Ra2 30. Ra1 Rh2
31. h4 Nd5 32. a4 Rh3 33. Ke2 Nf4+ 34. Kf2 Rxh4 35. a5 g5
36. axb6 axb6 37. Ra7+ Kg6 38. Rb7 Rh2+ 39. Kf1 Rh1+ 40. Kf2
Nd3+ 41. Ke2 Nxe1 42. Rxb6 g4 43. fxg4 fxg4 44. Rxe6+ Kf5
45. Rf6+ Ke4 46. e6 Nf3 47. Rxh6 Rxh6 48. e7 Kd5 49. e8=Q Re6+
50. Qxe6+ Kxe6 51. Ke3 Kd5 52. Nc5 Nxd4 53. Nd7 Nf5+ 54. Kf4
g3 55. Kf3 Ke6 56. Nf8+ Kf7 57. Nxh7 Kg6 58. Nf8+ Kf7 59. Nh7
Kg6 60. Nf8+ Kg5 61. Ne6+ Kh4 62. Nf4 Nd4+ 63. Kg2 Nc2
64. Ng6+ Kg4 65. Ne5+ Kf4 66. Ng6+ 1/2-1/2

[Event "Portoroz Open 2003"]
[Site "?"]
[Date "2003.04.29"]
[EventDate "?"]
[Round "4"]
[Result "1/2-1/2"]
[White "Valter Pregarac"]
[Black "Vesna Rozic"]
[WhiteElo "2031"]
[BlackElo "2127"]
[PlyCount "98"]

1. d4 d5 2. c4 e6 3. Nc3 Nf6 4. cxd5 exd5 5. Bg5 Nbd7 6. e3
Be7 7. Bd3 O-O 8. Qc2 c6 9. Nge2 Re8 10. O-O h6 11. Bh4 Ne4
12. Bxe7 Qxe7 13. Rae1 Nf8 14. f3 Nxc3 15. Nxc3 Be6 16. f4 f6
17. Qf2 Rad8 18. Qh4 Qd7 19. f5 Bf7 20. Rf3 Kh8 21. g4 Nh7
22. Qf2 Qd6 23. h4 Rd7 24. Kg2 Kg8 25. Rh1 Kf8 26. Ne2 Ke7
27. Nf4 Kd8 28. Ne6+ Kc8 29. Kh3 Rg8 30. Rc1 g5 31. h5 Re8
32. Nc5 Rde7 33. b4 Kb8 34. a4 Nf8 35. Qd2 Rc8 36. Kg2 Nd7
37. Rff1 Nb6 38. Rc2 Nc4 39. Bxc4 dxc4 40. a5 Bd5+ 41. Kh3
Rce8 42. Re1 b6 43. Na4 Kb7 44. Rb2 Kc7 45. Qc3 b5 46. Nc5 Be4
47. Ra2 Qd5 48. a6 Kb8 49. Qa3 Rc8 1/2-1/2

[Event "Portoroz Open 2003"]
[Site "?"]
[Date "2003.04.30"]
[EventDate "?"]
[Round "5"]
[Result "1-0"]
[White "Vesna Rozic"]
[Black "Janez Bizjak"]
[WhiteElo "2127"]
[BlackElo "1639"]
[PlyCount "169"]

1. d4 Nf6 2. Nf3 g6 3. Bg5 Bg7 4. Nbd2 d6 5. e4 Nbd7 6. c3 c5
7. dxc5 Nxc5 8. Qc2 Bd7 9. Be2 Ne6 10. Bxf6 Bxf6 11. O-O O-O
12. Rfe1 Qb6 13. Nc4 Qc7 14. Ne3 Nf4 15. Bf1 Bg7 16. Rad1 Be6
17. Nd4 Bd7 18. Ne2 Nxe2+ 19. Bxe2 Be6 20. Bg4 Bxg4 21. Nxg4
Qa5 22. a3 Qc7 23. Ne3 e6 24. Qe2 Rfd8 25. Rd3 Rd7 26. Red1
Rad8 27. g3 Qc6 28. f3 Qb6 29. Kg2 Qb5 30. Qc2 Qc6 31. Qb3 b5
32. Qc2 Bh6 33. Ng4 Bg7 34. Qd2 h5 35. Ne3 Bh6 36. Qe2 a6
37. Nc2 Bg7 38. Qe3 a5 39. Qg5 Kh7 40. a4 Rb8 41. axb5 Rxb5
42. Qc1 f5 43. Nd4 Bxd4 44. Rxd4 Qb6 45. R1d2 fxe4 46. Rxe4 e5
47. Ree2 Qc6 48. Qc2 Kg7 49. Qd3 Rc5 50. Qe3 Kf6 51. h4 Kg7
52. Kh2 Rf7 53. Rf2 Rc4 54. Rde2 Rf5 55. Kg2 Rf7 56. Rc2 Qc5
57. Qd3 Qc7 58. b3 Rc5 59. c4 Rf6 60. Qe4 Qd7 61. Rfd2 Qc7
62. Rd5 Qb6 63. Qe3 Rc6 64. Qxb6 Rxb6 65. Rc3 Re6 66. Rxa5 e4
67. fxe4 Rxe4 68. Rd5 Re2+ 69. Kf3 Rb2 70. Rdd3 Kf6 71. Ke4
Ke6 72. Re3 Rf2 73. Rf3 Re2+ 74. Rce3 Rd2 75. Rd3 Re2+ 76. Kd4
Re5 77. Rfe3 Rxe3 78. Rxe3+ Kf5 79. Kc3 g5 80. hxg5 Kxg5
81. b4 Kf5 82. b5 d5 83. Kd4 dxc4 84. Kxc4 Rb8 85. Kc5 1-0

[Event "Portoroz"]
[Site "Portoroz"]
[Date "2005.04.27"]
[EventDate "2005.04.27"]
[Round "3"]
[Result "1/2-1/2"]
[White "Marko Srebrnic"]
[Black "Vesna Rozic"]
[WhiteElo "2252"]
[BlackElo "2164"]
[PlyCount "40"]

1. Nf3 d5 2. g3 Nf6 3. Bg2 c6 4. O-O Bg4 5. d4 Nbd7 6. Nbd2 e6
7. c4 Be7 8. Re1 O-O 9. h3 Bh5 10. b3 h6 11. Bb2 Bg6 12. Ne5
Bh7 13. f3 c5 14. e3 cxd4 15. Nxd7 Qxd7 16. Bxd4 Rfd8 17. Qe2
b6 18. cxd5 Nxd5 19. Nc4 Rac8 20. Rac1 Bc5 1/2-1/2

[Event "Portoroz"]
[Site "Portoroz"]
[Date "2005.04.29"]
[EventDate "2005.04.29"]
[Round "5"]
[Result "1/2-1/2"]
[White "Miodrag Perunovic"]
[Black "Vesna Rozic"]
[WhiteElo "2346"]
[BlackElo "2164"]
[PlyCount "132"]

1. e4 e6 2. d4 d5 3. Nd2 dxe4 4. Nxe4 Bd7 5. Nf3 Bc6 6. Bd3
Nd7 7. O-O Ngf6 8. Ned2 Be7 9. Re1 Bxf3 10. Qxf3 c6 11. c3 O-O
12. Nc4 Re8 13. Qh3 Nf8 14. Ne5 a6 15. Bg5 Qb6 16. b4 Qc7
17. Nc4 Nd5 18. Bd2 b6 19. a4 a5 20. bxa5 bxa5 21. Ne5 c5
22. Be4 Rab8 23. Qf3 Nf6 24. Bc6 Rec8 25. Bf4 Rb6 26. Bb5 Bd6
27. dxc5 Qxc5 28. Nc4 Bxf4 29. Nxb6 Qxb6 30. Qxf4 Rxc3
31. Rac1 Nd5 32. Qd2 Rc7 33. Rxc7 Nxc7 34. Qd8 Qc5 35. h3 Nxb5
36. axb5 Qxb5 37. Ra1 a4 38. Qa8 g6 39. Qxa4 Qxa4 40. Rxa4 h5
41. Kh2 Kg7 42. Kg3 Nd7 43. Kf4 Kf6 44. Ra7 Nb6 45. Ke4 Nd5
46. f3 Nc3+ 47. Kd3 Nd5 48. Kd4 Nf4 49. Ra2 h4 50. Ke4 g5
51. Kd4 Nh5 52. Kc5 Ke7 53. Ra7+ Kf6 54. Kd6 Nf4 55. Ra2 Nd5
56. Kd7 Kf5 57. Ke8 f6 58. Kf7 Nf4 59. Ra5+ Nd5 60. Ra6 Nf4
61. Ra2 Nd5 62. Ra5 Ke5 63. Kg6 Kf4 64. Ra6 Kg3 65. Ra2 Kf4
66. Kf7 Kf5 1/2-1/2

[Event "Portoroz"]
[Site "Portoroz"]
[Date "2005.04.29"]
[EventDate "2005.04.29"]
[Round "6"]
[Result "1/2-1/2"]
[White "Vesna Rozic"]
[Black "Jure Zorko"]
[WhiteElo "2164"]
[BlackElo "2329"]
[PlyCount "94"]

1. d4 Nf6 2. Nf3 e6 3. Bg5 h6 4. Bh4 c5 5. c3 b6 6. e3 Bb7
7. Nbd2 Be7 8. Bd3 d6 9. O-O Nbd7 10. Qe2 a6 11. a4 O-O
12. Rfe1 Re8 13. h3 cxd4 14. cxd4 Nd5 15. Bxe7 Qxe7 16. Rac1
N7f6 17. Ne4 Nb4 18. Nxf6+ Qxf6 19. Nd2 e5 20. dxe5 Rxe5
21. Rc3 Nd5 22. Rc4 Rae8 23. Nf3 R5e7 24. Qd2 a5 25. Rd4 Nb4
26. Rxd6 Re6 27. Rxe6 fxe6 28. Nd4 e5 29. Bc4+ Kh8 30. Nb5 Rd8
31. Qe2 Qc6 32. f3 e4 33. fxe4 Qxe4 34. Nc3 Qe5 35. Bb5 Qg5
36. Rf1 Qe7 37. Qf2 Qe5 38. Qf4 Qe7 39. Rf2 Ba8 40. Kh2 Bb7
41. Kg1 Ba8 42. e4 Qc5 43. Kh2 Qe7 44. Qf7 Qe5+ 45. Qf4 Qe7
46. Qf7 Qe5+ 47. Qf4 Qe7 1/2-1/2

[Event "Portoroz"]
[Site "Portoroz"]
[Date "2005.05.01"]
[EventDate "2005.05.01"]
[Round "7"]
[Result "1/2-1/2"]
[White "Ozren Biti"]
[Black "Vesna Rozic"]
[WhiteElo "2350"]
[BlackElo "2164"]
[PlyCount "63"]

1. e4 e6 2. d3 d5 3. Nd2 c5 4. Ngf3 Nc6 5. g3 Bd6 6. Bg2 Nge7
7. O-O O-O 8. Nh4 f5 9. f4 Bd7 10. Re1 Rb8 11. Ndf3 d4 12. c4
a6 13. Ne5 Be8 14. Qe2 Bxe5 15. fxe5 Ng6 16. Nxg6 Bxg6
17. exf5 Bxf5 18. Bd2 Qc7 19. a3 a5 20. Rac1 a4 21. h4 h6
22. Bf4 Qf7 23. h5 Qe7 24. Rf1 Nd8 25. Be4 Bxe4 26. Qxe4 Nc6
27. Kg2 Qd7 28. g4 Ne7 29. Kg3 Qc6 30. Qe2 Rf7 31. Bd2 Rbf8
32. Rxf7 1/2-1/2

[Event "Portoroz"]
[Site "Portoroz"]
[Date "2005.05.01"]
[EventDate "2005.05.01"]
[Round "8"]
[Result "1/2-1/2"]
[White "Vesna Rozic"]
[Black "Fjodor Zugaj"]
[WhiteElo "2164"]
[BlackElo "2203"]
[PlyCount "120"]

1. d4 e6 2. Nf3 Nf6 3. Bg5 c5 4. c3 b6 5. e3 Bb7 6. Bd3 Be7
7. O-O O-O 8. Re1 Ne4 9. Bxe7 Qxe7 10. Nbd2 Nxd2 11. Nxd2 Nc6
12. Nf3 Rac8 13. Qe2 e5 14. dxe5 Nxe5 15. Nxe5 Qxe5 16. Ba6
Bxa6 17. Qxa6 Rc7 18. Rad1 d5 19. Re2 Rd8 20. Red2 Rcd7 21. h3
g6 22. Rd3 Qe4 23. R3d2 Kg7 24. Qb5 h5 25. a4 h4 26. a5 Rd6
27. axb6 axb6 28. Qb3 f5 29. Ra1 f4 30. exf4 Qxf4 31. Rad1 d4
32. Qc4 Qf6 33. cxd4 Rxd4 34. Rxd4 Rxd4 35. Rxd4 cxd4 36. Kf1
Qe5 37. Qe2 Qc5 38. Qd2 Qe5 39. Qe2 Qc5 40. Qd2 Qc4+ 41. Ke1
b5 42. Qg5 Kf7 43. Qf4+ Kg8 44. Qg5 Kf7 45. Qf4+ Ke6 46. Qe4+
Kd7 47. Qb7+ Kd6 48. Qb8+ Kc5 49. Qf8+ Kb6 50. Qd8+ Kc6
51. Qc8+ Kb6 52. Qd8+ Kc5 53. Qf8+ Kd5 54. Qg8+ Ke5 55. Qg7+
Kf5 56. Qd7+ Kf6 57. Qd8+ Kg7 58. Qe7+ Kg8 59. Qe8+ Kg7
60. Qe7+ Kg8 1/2-1/2

[Event "Portoroz"]
[Site "Portoroz"]
[Date "2005.05.02"]
[EventDate "2005.05.02"]
[Round "9"]
[Result "1/2-1/2"]
[White "Slobodan S Ilic"]
[Black "Vesna Rozic"]
[WhiteElo "2229"]
[BlackElo "2164"]
[PlyCount "30"]

1. c4 e6 2. Nf3 d5 3. d4 Nf6 4. g3 Be7 5. Bg2 O-O 6. O-O c6
7. Nc3 Nbd7 8. b3 b6 9. Qc2 Bb7 10. Bb2 Qc7 11. Rad1 Rfe8
12. cxd5 cxd5 13. Rc1 Rac8 14. Qd3 Qb8 15. Nd2 Red8 1/2-1/2

[Event "17th European Team Championship (Women)"]
[Site "Novi Sad SRB"]
[Date "2009.10.22"]
[EventDate "2009.10.22"]
[Round "1"]
[Result "1-0"]
[White "Vesna Rozic"]
[Black "Paivi Walta"]
[WhiteElo "2240"]
[BlackElo "1893"]
[PlyCount "69"]

1. d4 g6 2. Nf3 Bg7 3. c3 f5 4. g3 Nf6 5. Qb3 c6 6. Nbd2 d5
7. Ne5 O-O 8. Bg2 a5 9. a4 Nbd7 10. Ndf3 Qe8 11. Bf4 Ne4
12. Nxd7 Qxd7 13. O-O h6 14. Be5 Nf6 15. c4 dxc4 16. Qxc4+ Kh7
17. Rfd1 Qe6 18. Qc2 Qg8 19. Nd2 Ng4 20. Bxg7 Qxg7 21. h3 Nf6
22. Nb3 Ne4 23. Nc5 Nxc5 24. Qxc5 f4 25. Ra3 Be6 26. gxf4 Rxf4
27. Re3 Rf5 28. d5 Bf7 29. Rxe7 Qxb2 30. e4 Rf4 31. Qe3 g5
32. e5 Kg8 33. d6 Qb4 34. e6 Bh5 35. Qe5 1-0

[Event "17th European Team Championship (Women)"]
[Site "Novi Sad SRB"]
[Date "2009.10.23"]
[EventDate "2009.10.22"]
[Round "2"]
[Result "1/2-1/2"]
[White "Siranush Andriasian"]
[Black "Vesna Rozic"]
[WhiteElo "2234"]
[BlackElo "2240"]
[PlyCount "205"]

1. e4 e6 2. d4 d5 3. Nc3 Nf6 4. Bg5 dxe4 5. Nxe4 Be7 6. Bxf6
gxf6 7. Nf3 b6 8. Bc4 Bb7 9. Qe2 c6 10. O-O Qc7 11. Ng3 Nd7
12. Nh4 O-O-O 13. Ba6 Nf8 14. Bxb7+ Kxb7 15. Nf3 h5 16. Rfe1
Ng6 17. Qe3 f5 18. Ne2 Rhg8 19. Kh1 Nh4 20. Nxh4 Bxh4 21. c3
Rg4 22. f3 Rg6 23. Rg1 Bg5 24. f4 Bh6 25. a4 Qd6 26. Qf3 h4
27. a5 b5 28. Rgf1 Qd5 29. b4 Rdg8 30. Qxd5 exd5 31. g3 Re6
32. Rf2 Rge8 33. Ra2 Re3 34. Kg2 hxg3 35. hxg3 Rd3 36. Rf3 Rd1
37. Rf1 Rd3 38. Rh1 Re6 39. Rh5 Rf6 40. Rc2 Kc7 41. Kf2 Bg7
42. Ng1 Re6 43. Ne2 Rf6 44. Ng1 Re6 45. Ne2 Rf6 46. Rh1 Re6
47. Rh7 Rg6 48. Rc1 Kd6 49. Rh5 Rf6 50. Rg5 Bh6 51. Rg8 Re6
52. Ra8 Rd2 53. Re1 Re7 54. Rd8+ Kc7 55. Rh8 Re6 56. Rh7 Rf6
57. Ke3 Rb2 58. Kd3 Bf8 59. Nc1 Bd6 60. Re3 Kd7 61. Re2 Rxe2
62. Nxe2 Ke8 63. Rh8+ Bf8 64. Rh5 Ke7 65. Ng1 Rg6 66. Ne2 Ke6
67. Rh8 Ke7 68. Ke3 Rh6 69. Rxh6 Bxh6 70. Ng1 Ke6 71. Nf3 f6
72. Ne1 Bf8 73. Kf3 Be7 74. Kg2 Bf8 75. Kh3 Bd6 76. Ng2 Kf7
77. Ne3 Kg6 78. a6 Bc7 79. Kh4 Bd6 80. Nc2 Bc7 81. Na1 Kh6
82. Nb3 Bd6 83. Nd2 Kg6 84. Nf3 Bc7 85. Kh3 Kf7 86. Nh4 Ke6
87. Kg2 Bd6 88. Kf3 Bf8 89. Ng2 Ke7 90. Nh4 Ke6 91. Ng2 Ke7
92. g4 fxg4+ 93. Kxg4 Ke6 94. Nh4 Bd6 95. Nf5 Bf8 96. Ne3 Bd6
97. Nc2 Bc7 98. Na1 f5+ 99. Kg5 Bd8+ 100. Kg6 Bc7 101. Kg5
Bd8+ 102. Kg6 Bc7 103. Kg5 1/2-1/2

[Event "17th European Team Championship (Women)"]
[Site "Novi Sad SRB"]
[Date "2009.10.24"]
[EventDate "2009.10.22"]
[Round "3"]
[Result "0-1"]
[White "Nezihe Ezgi Menzi"]
[Black "Vesna Rozic"]
[WhiteElo "1803"]
[BlackElo "2240"]
[PlyCount "80"]

1. e4 e6 2. d4 d5 3. Nc3 Nf6 4. e5 Nfd7 5. f4 c5 6. Nf3 Nc6
7. Be3 a6 8. Qd2 b5 9. dxc5 Bxc5 10. Bxc5 Nxc5 11. Bd3 b4
12. Ne2 Qb6 13. Qe3 Nxd3+ 14. Qxd3 a5 15. Ned4 Ba6 16. Qe3 a4
17. Kf2 O-O 18. Rhe1 Rfc8 19. Kg1 Nxd4 20. Nxd4 Rc4 21. Rad1
Qc5 22. f5 Re8 23. f6 gxf6 24. exf6 Kh8 25. Nf5 Rd8 26. Nh6
Qf8 27. Qg5 d4 28. Qa5 Rdc8 29. Qh5 R8c7 30. Re5 Rxc2 31. Rg5
Be2 32. Qh4 Bxd1 33. Rg8+ Qxg8 34. Nxg8 Bf3 35. gxf3 Rd2
36. Qe1 Rcc2 37. Qf1 Kxg8 38. h4 Rxb2 39. Qe1 Rg2+ 40. Kf1
Rbf2+ 0-1

[Event "17th European Team Championship (Women)"]
[Site "Novi Sad SRB"]
[Date "2009.10.25"]
[EventDate "2009.10.22"]
[Round "4"]
[Result "1/2-1/2"]
[White "Vesna Rozic"]
[Black "Katerina Cedikova"]
[WhiteElo "2240"]
[BlackElo "2214"]
[PlyCount "149"]

1. d4 g6 2. c3 Nf6 3. Nf3 Bg7 4. Bg5 d6 5. Nbd2 h6 6. Bxf6
Bxf6 7. e4 O-O 8. Bc4 Nd7 9. O-O e5 10. dxe5 dxe5 11. b4 Qe7
12. Qc2 Rd8 13. Be2 Nf8 14. Nc4 h5 15. Rfd1 Bg4 16. Ne1 Bxe2
17. Qxe2 Ne6 18. g3 h4 19. Nf3 hxg3 20. hxg3 Ng5 21. Nxg5 Bxg5
22. Qg4 Bf6 23. a4 c6 24. Kg2 Rxd1 25. Rxd1 Rd8 26. Qf3 Kg7
27. Rd3 Qe6 28. Rxd8 Bxd8 29. Qd3 Be7 30. Na5 b6 31. Nc4 Kg8
32. b5 f6 33. Ne3 Kf7 34. Qc4 Qxc4 35. Nxc4 cxb5 36. axb5 Bc5
37. f3 Ke6 38. Kf1 Kd7 39. Ke2 Kc7 40. Kd3 Kb7 41. Nb2 Kc7
42. Kc4 Kd6 43. Nd3 Ba3 44. g4 Ke6 45. Kb3 Bf8 46. Nb2 Bc5
47. Nc4 Bf2 48. Kc2 Bc5 49. Kd3 Bf2 50. Ke2 Bc5 51. Kf1 Be7
52. Ke1 Bc5 53. Ke2 Be7 54. Ne3 Bc5 55. Nd5 Bd6 56. Kd3 Kf7
57. Kc2 Ke6 58. Kd2 Kf7 59. Kd3 Ke6 60. Kc4 Kf7 61. Kb3 Ke6
62. c4 Kf7 63. Kc3 Ke6 64. Kd3 Kf7 65. Nc3 Ke6 66. Kc2 Bb4
67. Nd5 Bd6 68. Kb3 Kf7 69. Nc3 Ke6 70. Na4 Be7 71. Nc3 Bc5
72. Nd5 Bd6 73. Kc2 Kf7 74. Kd3 Ke6 75. Kc2 1/2-1/2

[Event "17th European Team Championship (Women)"]
[Site "Novi Sad SRB"]
[Date "2009.10.26"]
[EventDate "2009.10.22"]
[Round "5"]
[Result "0-1"]
[White "Vesna Rozic"]
[Black "Alina Motoc"]
[WhiteElo "2240"]
[BlackElo "2316"]
[PlyCount "100"]

1. d4 Nf6 2. Nf3 g6 3. Bg5 Bg7 4. c3 b6 5. e3 Bb7 6. Nbd2 O-O
7. Bd3 d6 8. O-O Nbd7 9. Qe2 a5 10. Rfd1 h6 11. Bxf6 Nxf6
12. Nf1 Qe8 13. e4 e5 14. d5 Nh5 15. Bb5 Nf4 16. Qc4 Qe7
17. b4 Bc8 18. Re1 Qd8 19. Ng3 f5 20. a3 h5 21. exf5 gxf5
22. h4 Bf6 23. Ne2 Ng6 24. g3 Rf7 25. Qb3 Rg7 26. Ned4 axb4
27. Ne6 Bxe6 28. dxe6 Qe7 29. axb4 Rd8 30. Bc6 Nf4 31. Ra7 Kh8
32. Bd7 e4 33. Nd4 Bxd4 34. cxd4 Qxh4 35. Qe3 Rdg8 36. Ra3 Rg4
37. Ra8 Rxa8 38. Qxf4 Qf6 39. Qd2 d5 40. e7 Qxe7 41. Qh6+ Qh7
42. Qf6+ Qg7 43. Qxf5 Rg5 44. Qf4 Rf8 45. Qh4 Qxd4 46. Rf1
Rxg3+ 47. Kh1 Rxf2 48. Qxh5+ Kg7 49. Re1 Rfg2 50. Qd1 Rh2+ 0-1

[Event "17th European Team Championship (Women)"]
[Site "Novi Sad SRB"]
[Date "2009.10.29"]
[EventDate "2009.10.22"]
[Round "8"]
[Result "1-0"]
[White "Vesna Rozic"]
[Black "Ela Pitam"]
[WhiteElo "2240"]
[BlackElo "2285"]
[PlyCount "141"]

1. d4 Nf6 2. Nf3 d5 3. e3 c5 4. c3 Nc6 5. Nbd2 Qb6 6. Bd3 Bg4
7. Qa4 c4 8. Bb1 Bd7 9. Qd1 g6 10. e4 Nxe4 11. Nxe4 dxe4
12. Bxe4 Bg7 13. Qe2 Qa6 14. O-O O-O 15. Bd5 b5 16. Ne5 Be8
17. Bf4 e6 18. Bf3 Rc8 19. a3 Nxe5 20. Bxe5 Bc6 21. Bxg7 Kxg7
22. Rae1 Rfd8 23. Qe5+ Kg8 24. Re3 Qb7 25. Rfe1 Bxf3 26. Rxf3
Rd5 27. Qf6 Re8 28. Rfe3 Rf5 29. Qh4 Rh5 30. Qg4 a5 31. Qe2
Rc8 32. g4 Rd5 33. Rh3 Qe7 34. Qe3 Qf8 35. Qe2 Rc6 36. Re3 b4
37. axb4 axb4 38. Ra1 Qb8 39. Qf3 Rb6 40. Kg2 bxc3 41. bxc3
Kg7 42. Qg3 Qb7 43. Qf3 Rb3 44. Ra4 Qc7 45. Ra8 Rb8 46. Rxb8
Qxb8 47. Qe4 Qd8 48. Rf3 h5 49. h3 Qe7 50. Qe2 Qc7 51. Re3 Qb7
52. Qf3 Qb5 53. Qf4 Qc6 54. Qf3 Qd6 55. Qe2 hxg4 56. hxg4 Rg5
57. Re5 f5 58. f3 Kh6 59. Qe3 Qd8 60. Kg3 Kg7 61. Qf4 Qf6
62. Rb5 Qe7 63. Qe5+ Kh7 64. Rb8 f4+ 65. Qxf4 Rd5 66. Rc8 g5
67. Qf8 Qxf8 68. Rxf8 e5 69. Rf5 Kg6 70. Rxe5 Rd7 71. Rc5 1-0

[Event "17th European Team Championship (Women)"]
[Site "Novi Sad SRB"]
[Date "2009.10.30"]
[EventDate "2009.10.22"]
[Round "9"]
[Result "1-0"]
[White "Khayala Isgandarova"]
[Black "Vesna Rozic"]
[WhiteElo "2212"]
[BlackElo "2240"]
[PlyCount "129"]

1. e4 e6 2. Qe2 Be7 3. d3 d5 4. e5 c5 5. Nf3 Nc6 6. g3 f6
7. Bf4 Bd7 8. c4 d4 9. exf6 Bxf6 10. Bh3 Qe7 11. Ne5 Nxe5
12. Bxe5 Nh6 13. O-O Bxe5 14. Qxe5 Nf7 15. Qe2 O-O 16. Nd2
Rae8 17. Bg2 b6 18. Rae1 Nd6 19. Nf3 Bc6 20. Ne5 Bxg2 21. Kxg2
Nf5 22. Qe4 Qc7 23. Re2 g6 24. Rfe1 Kh8 25. b3 Re7 26. Kg1 Kg8
27. g4 Ng7 28. f4 Qd6 29. Kg2 Ree8 30. Rf2 Qe7 31. Rf3 Rf6
32. g5 Rf5 33. Ng4 Kh8 34. Nh6 Qd6 35. Qxf5 Nxf5 36. Nf7+ Kg7
37. Nxd6 Nxd6 38. Re5 Nf7 39. Re1 Nd6 40. Rf2 Nf5 41. Re5 a5
42. a3 Ne3+ 43. Kf3 Nd1 44. Rd2 Nc3 45. h4 Kf7 46. Rh2 h5
47. gxh6 Rh8 48. h5 Rxh6 49. hxg6+ Rxg6 50. Rh7+ Kf8 51. Rb7
Rh6 52. Kg2 Nd1 53. Rxb6 Ne3+ 54. Kg3 Rg6+ 55. Kf3 Kf7
56. Rxc5 Rh6 57. Ke4 Nf5 58. Rc7+ Kf6 59. Rcc6 Kf7 60. b4 a4
61. Ra6 Rg6 62. b5 Rh6 63. Ke5 Rh5 64. Rc7+ Ne7+ 65. Kd6 1-0

[Event "European Team Championship (Women)"]
[Site "Porto Carras GRE"]
[Date "2011.11.07"]
[EventDate "2011.11.03"]
[Round "5"]
[Result "0-1"]
[White "Maria Kursova"]
[Black "Vesna Rozic"]
[WhiteElo "2315"]
[BlackElo "2263"]
[PlyCount "79"]

1. d4 d5 2. Nf3 Nf6 3. c4 c6 4. e3 a6 5. Bd3 Bg4 6. Nbd2 e6
7. O-O Nbd7 8. b3 Bd6 9. Bb2 O-O 10. Qc2 Qb8 11. h3 Bh5
12. Ng5 Bg6 13. Bxg6 hxg6 14. Rad1 Re8 15. e4 Bh2+ 16. Kh1 Bf4
17. Ndf3 b5 18. Bc1 Bxc1 19. Rxc1 dxe4 20. Nxe4 bxc4 21. Nxf6+
gxf6 22. Qxc4 Rc8 23. Qd3 Qb5 24. Rfd1 a5 25. Rc4 a4 26. b4 a3
27. Qc3 Nb6 28. Rc5 Na4 29. Qd2 Nxc5 30. dxc5 Kg7 31. Qc3 Rd8
32. Nd4 Qb7 33. Re1 e5 34. Nc2 Qa6 35. Ne3 Rd4 36. Ng4 Qd3
37. Qa1 Qd2 38. b5 Rxg4 39. hxg4 Qxf2 40. Qd1 0-1